[Event "Pfalz-ch MT-B 87th"]
[Site "Landau"]
[Date "2018.03.31"]
[Round "9"]
[White "Vogel, Johannes"]
[Black "Yakovenko, Denis"]
[Result "1/2-1/2"]
[WhiteElo "2117"]
[BlackElo "1952"]
[PlyCount "53"]
[EventDate "2018.03.23"]
[EventType "tourn"]
[EventRounds "9"]
[EventCountry "GER"]
[SourceTitle "EXT 2019"]
[Source "ChessBase"]
[SourceDate "2018.10.10"]
[SourceVersion "1"]
[SourceVersionDate "2018.10.10"]
[SourceQuality "1"]

1. d4 Nf6 2. c4 e6 3. Nf3 c5 4. Nc3 cxd4 5. Nxd4 Nc6 6. Ndb5 d6 7. Bf4 e5 8. Bg5 a6 9. Na3 Be7 10. g3 Be6 11. Bg2 0-0 12. 0-0 h6 13. Bxf6 Bxf6 14. Qd2 Be7 15. Rad1 Qd7 16. Nd5 Rad8 17. Rfe1 Rfe8 18. Qc3 Bf8 19. Nc2 f5 20. Rd2 Qf7 21. b3 g5 22. Qe3 f4 23. Qb6 Rd7 24. Red1 Red8 25. Nc3 Be7 26. Bd5 Rf8 27. f3 1/2-1/2

[Event "Pfalz-ch MAT2 86th"]
[Site "Wolfstein"]
[Date "2017.04.09"]
[Round "4"]
[White "Yakovenko, Denis"]
[Black "Frohnhaeuser, Simon"]
[Result "1/2-1/2"]
[WhiteElo "1930"]
[BlackElo "1569"]
[PlyCount "61"]
[EventDate "2017.04.07"]
[EventType "tourn"]
[EventRounds "9"]
[EventCountry "GER"]
[SourceTitle "EXT 2018"]
[Source "ChessBase"]
[SourceDate "2017.10.13"]
[SourceVersion "1"]
[SourceVersionDate "2017.10.13"]
[SourceQuality "1"]

1. Nf3 Nf6 2. d4 g6 3. c4 Bg7 4. Nc3 0-0 5. e4 d6 6. Be2 e5 7. 0-0 Nc6 8. d5 Ne7 9. b4 Nd7 10. Ba3 a5 11. Rc1 f5 12. Nd2 f4 13. f3 g5 14. bxa5 Rxa5 15. Bb4 Ra8 16. Nb3 b6 17. a4 Nc5 18. Ra1 Rf6 19. a5 Qe8 20. Kf2 Qh5 21. Rh1 g4 22. Ke1 Qh4+ 23. Kd2 Qf2 24. Bxc5 dxc5 25. Qg1 Qh4 26. Nb5 gxf3 27. Bxf3 bxa5 28. Qxc5 Bf8 29. Qg1 Ng6 30. Ke2 c6 31. Nc7 1/2-1/2

[Event "Zweibruecken PSB-ch MAT2 82nd"]
[Site "Zweibruecken"]
[Date "2013.03.23"]
[Round "2"]
[White "Hellstern, Thomas"]
[Black "Yakovenko, Denis"]
[Result "0-1"]
[WhiteElo "1760"]
[BlackElo "1994"]
[PlyCount "206"]
[EventDate "2013.??.??"]
[EventType "tourn"]
[EventRounds "9"]
[EventCountry "GER"]
[SourceTitle "EXT 2014"]
[Source "ChessBase"]
[SourceDate "2013.11.20"]
[SourceVersion "1"]
[SourceVersionDate "2013.11.20"]
[SourceQuality "1"]

1. c4 Nf6 2. Nc3 g6 3. g3 Bg7 4. Bg2 0-0 5. Nf3 d6 6. 0-0 e5 7. d3 Nbd7 8. Bd2 c6 9. b4 Ne8 10. Rb1 f5 11. e3 Ndf6 12. Qb3 Kh8 13. b5 c5 14. Ne1 Qe7 15. Nc2 Rb8 16. b6 a6 17. Rfe1 Be6 18. f4 Nd7 19. Nd5 Bxd5 20. Bxd5 Nef6 21. Bg2 Qf7 22. Bc3 Rfe8 23. Rbd1 h6 24. d4 e4 25. d5 Nh5 26. Bxg7+ Qxg7 27. Kf2 g5 28. fxg5 hxg5 29. Ke2 f4 30. gxf4 gxf4 31. Bh3 Ne5 32. Rg1 Qf6 33. Be6 f3+ 34. Kd2 f2 35. Rgf1 Nf3+ 36. Kc1 Nxh2 37. Rh1 Qe5 38. Qb2 Qxb2+ 39. Kxb2 f1Q 40. Rdxf1 Nxf1 41. Rxf1 Kg7 42. Rf7+ Kh6 43. Rd7 Red8 44. Re7 Nf6 45. Ne1 Ng8 46. Rf7 Rf8 47. Rd7 Nf6 48. Re7 Nh5 49. Rd7 Rbd8 50. Re7 Kg6 51. a4 Kf6 52. Rh7 Ng7 53. Rh6+ Kg5 54. Rh7 Kg6 55. Rh4 Rf2+ 56. Kc3 Nxe6 57. dxe6 Kf5 58. Rh7 Kxe6 59. Rxb7 Rf7 60. Rxf7 Kxf7 61. a5 Ke7 62. Ng2 Kd7 63. Nf4 Rh8 64. Nd5 Kc6 65. Nf6 Rh3 66. Nd5 Rh1 67. Kb2 Re1 68. Ne7+ Kb7 69. Nd5 Re2+ 70. Kb3 Rd2 71. Nf4 Rd1 72. Kb2 Rd2+ 73. Kb3 Rd1 74. Kb2 Kc6 75. Nd5 Re1 76. Ne7+ Kb7 77. Nd5 Rd1 78. Nf6 Rd2+ 79. Kb1 Rd3 80. Nxe4 Rxe3 81. Nxd6+ Kc6 82. Nf5 Re4 83. b7 Re8 84. Kc2 Rb8 85. Ne7+ Kd7 86. Nc8 Rxb7 87. Nb6+ Kc6 88. Nd5 Rh7 89. Kb3 Rh1 90. Kb2 Rd1 91. Ne3 Rd4 92. Kc3 Rh4 93. Kc2 Rh1 94. Kb2 Re1 95. Nc2 Rd1 96. Ne3 Rd2+ 97. Nc2 Kd6 98. Kc3 Rxc2+ 99. Kxc2 Ke5 100. Kd3 Kf4 101. Kd2 Ke4 102. Kc3 Ke3 103. Kc2 Kd4 0-1